Statistics for Don Rickles Filmography

Click here to take the quiz!

General Stats

  • This quiz has been taken 10 times
    (7 since last reset)
  • The average score is 26 of 133

Answer Stats

TypeYearName% Correct
Film1995Toy Story
100%
Film1999Toy Story 2
83%
Video Game1999Toy Story 2: Buzz Lightyear to the Rescue
83%
Film2010Toy Story 3
83%
Film2019Toy Story 4
83%
TV Short2013Toy Story of Terror!
50%
TV Short2014Toy Story That Time Forgot
50%
Film1995Casino
33%
Web Series2017Dinner with Don
33%
Film1998Dirty Work
33%
Stand-Up Special2014Don Rickles
33%
TV Show1966Gilligan's Island
33%
Film1998Quest for Camelot
33%
TV Show1968, 1970The Carol Burnett Show
33%
TV Show1972The Don Rickles Show
33%
TV Pilot1970The Don Rickles Show
33%
TV Show1968-1969The Don Rickles Show
33%
TV Show1961The Twilight Zone
33%
Commercial2005American Stroke Association
17%
Commercial1987Anso V Worry-Free Carpet
17%
TV Show1982Archie Bunker's Place
17%
Film1965Beach Blanket Bingo
17%
Film1964Bikini Beach
17%
TV Show1965, 1966Bob Hope Presents the Chrysler Theatre
17%
Commercial1997Bud Light
17%
TV Show1963, 1964, 1965Burke's Law
17%
TV Show1962Cain's Hundred
17%
TV Show1955, 1956Cavalcade of America
17%
TV Show1956Chevron Hall of Stars
17%
TV Show1976-1978C.P.O. Sharkey
17%
TV Show1993Daddy Dearest
17%
Film1998Dennis the Menace Strikes Again!
17%
Commercial1979Diet 7 Up
17%
Stand-Up Special1972Don Rickles: Alive and Kicking
17%
Stand-Up Special1975Don Rickles: Buy This Tape You Hockey Puck
17%
TV Special2020Don Rickles Live in Concert
17%
Stand-Up Special2014Don Rickles: One Night Only
17%
Stand-Up Special1986Don Rickles: Rickles on the Loose
17%
Commercial1998Fidelity Investments
17%
TV Film1980For the Love of It
17%
TV Show1984Foul-Ups, Bleeps & Blunders
17%
TV Show1956Four Star Playhouse
17%
TV Show1965F Troop
17%
TV Show1985George Burns Comedy Week
17%
TV Show1968, 1969Get Smart
17%
TV Show1983Gimme a Break!
17%
Commercial2002GLAD
17%
TV Show1965Gomer Pyle: USMC
17%
TV Show1961Hennesey
17%
TV Show2011Hot in Cleveland
17%
TV Show1991Hunter
17%
TV Show1967I Dream of Jeannie
17%
Film1992Innocent Blood
17%
TV Show1967I Spy
17%
Film1990Keaton's Cop
17%
Film1970Kelly's Heroes
17%
TV Short1965Kibbee Hates Fitch
17%
TV Show1976Medical Center
17%
Documentary2007Mr. Warmth: The Don Rickles Project
17%
TV Show1957M Squad
17%
TV Show1998Murphy Brown
17%
Film1964Muscle Beach Party
17%
TV Show1989Newhart
17%
TV Show1968Operation: Entertainment
17%
Film1964Pajama Party
17%
TV Show1968Pat Boone in Hollywood
17%
TV Show1970Pat Paulsen's Half a Comedy Hour
17%
Short Film1997Redux Riding Hood
17%
TV Special1975Rickles
17%
Commercial1974Right Guard Deodorant
17%
TV Show1969, 1970, 1973Rowan & Martin's Laugh-In
17%
TV Show1966, 1967Run for Your Life
17%
Film1958Run Silent, Run Deep
17%
TV Show1974Sanford and Son
17%
TV Show1984Saturday Night Live
17%
Commercial2011Snickers
17%
TV Show1955Stage 7
17%
TV Show1990Tales from the Crypt
17%
TV Show1964-1965That Regis Philbin Show
17%
TV Show1964The Addams Family
17%
TV Show1965The Andy Griffith Show
17%
TV Show2002The Bernie Mac Show
17%
TV Show1965The Beverly Hillbillies
17%
TV Show1980The Big Show
17%
TV Pilot2005The Catch
17%
TV Show1967The Danny Thomas Hour
17%
TV Show1964The Dick Van Dyke Show
17%
TV Special1975The Don Rickles Show - Mr. Warmth
17%
TV Show1959-1960The DuPont Show with June Allyson
17%
TV Show1957The Eddie Fisher Show
17%
TV Show1968, 1969, 1970The Ed Sullivan Show
17%
TV Show1969The Hollywood Palace
17%
TV Show1968The Jerry Lewis Show
17%
TV Show1968-1971The Kraft Music Hall
17%
TV Show1997The Larry Sanders Show
17%
Film1971The Love Machine
17%
TV Show1967The Lucy Show
17%
TV Show1966-1981The Mike Douglas Show
17%
Film1967The Money Jungle
17%
TV Show1969The Mothers-In-Law
17%
TV Show1965The Munsters
17%
TV Show1972The New Bill Cosby Show
17%
Film1959The Rabbit Trap
17%
Film1960The Rat Race
17%
TV Show1997The Single Guy
17%
TV Show1959The Thin Man
17%
TV Show2007The Unit
17%
TV Pilot1966The Unpardonables
17%
TV Show1966The Wild Wild West
17%
TV Film2004The Wool Cap
17%
Theme Park Attraction2008-PresentToy Story Midway Mania!
17%
Video Game2001Toy Story Racer
17%
Short Film2011Toy Story Toons: Hawaiian Vacation
17%
Short Film2012Toy Story Toons: Partysaurus Rex
17%
Short Film2011Toy Story Toons: Small Fry
17%
TV Special1977US Against the World
17%
TV Show1961Wagon Train
17%
Film1969Where It's At
17%
Film1963X: The Man with the X-ray Eyes
17%
Film2011Zookeeper
17%
TV Special1973A Couple of Dons
0%
Video Game1996Animated Storybook: Toy Story
0%
Film1967Enter Laughing
0%
TV Show1968George Jessel's Here Come the Stars
0%
FilmTBAHassle at the Castle
0%
Documentary2021Rickles+Newhart: A Hollywood Love Story
0%
TV Show1966The Bob Hope Show
0%
TV Show1962The Dick Powell Show
0%
TV Show1971The Glen Campbell Goodtime Hour
0%
TV Show1970The Jim Nabors Hour
0%
Film2004The J-K Conspiracy
0%
TV Special1970The Many Sides of Don Rickles
0%
TV Show1968The Smother Brothers Comedy Hour
0%

Score Distribution

Percentile by Number Answered

Percent of People with Each Score

Your Score History

You have not taken this quiz since the last reset